[Event "Liga CS Istok 2017"]
[Site "Zaječar, Hotel "]
[Date "2017.10.13"]
[Round "8.5"]
[White "Miljkovic, Milan A"]
[Black "Dragojevic, Leon*"]
[Result "1/2-1/2"]
[WhiteElo "1899"]
[BlackElo "1897"]
[PlyCount "51"]
[EventDate "2017.09.03"]

1. e4 d5 2. exd5 Qxd5 3. Nc3 Qa5 4. d4 Nf6 5. Bc4 c6 6. Nf3 Bf5 7. O-O e6 8.
Re1 Be7 9. Bd2 O-O 10. Nd5 Qd8 11. Nxe7+ Qxe7 12. Bg5 Nbd7 13. Qe2 h6 14. Bh4
b5 15. Bb3 Bg4 16. h3 Bxf3 17. Qxf3 Rac8 18. c3 Nb6 19. Rad1 a5 20. Bc2 Nbd5
21. Re5 Qd6 22. Ree1 a4 23. Bg3 Qe7 24. a3 Nd7 25. Bd3 Qf6 26. Qxf6 1/2-1/2

[Event "Liga CS Istok 2017"]
[Site "Zaječar, Hotel "]
[Date "2017.10.13"]
[Round "8.5"]
[White "Arsic, Novica"]
[Black "Minic, Marko"]
[Result "0-1"]
[WhiteElo "1883"]
[BlackElo "1936"]
[PlyCount "112"]
[EventDate "2017.09.03"]

1. e4 c5 2. Nc3 d6 3. f4 e6 4. Nf3 Nc6 5. Bc4 Be7 6. O-O Nf6 7. d3 O-O 8. e5
Nd7 9. Qe1 a6 10. a3 d5 11. Bb3 b5 12. Qg3 c4 13. dxc4 bxc4 14. Ba4 Qb6+ 15.
Kh1 Nc5 16. Bxc6 Qxc6 17. Nd4 Qb7 18. f5 f6 19. Bh6 Rf7 20. Rae1 Kh8 21. exf6
Bxf6 22. fxe6 Re7 23. Nf5 Rxe6 24. Bxg7+ Bxg7 25. Nd6 Qe7 26. Nf7+ Kg8 27. Nh6+
Kh8 28. Nxd5 Rxe1 29. Rxe1 Qf8 30. Nc7 Ne4 31. Qe3 Bb7 32. Nxa8 Bxh6 33. Qe2
Bxa8 34. Rf1 Qg8 35. b4 cxb3 36. cxb3 Bb7 37. Qc2 Qg7 38. b4 Nd2 39. Rg1 Be3
40. Qd3 Qd4 41. Qf5 Bd5 42. Qf8+ Bg8 43. Re1 Ne4 44. Rf1 Qe5 45. Qf3 Nd2 46.
Qe2 Nxf1 47. Qxf1 Bd4 48. a4 Qd5 49. b5 axb5 50. axb5 Bb6 51. h3 Qe5 52. Qd1
Bc7 53. Kg1 Bd5 54. Qf1 Qh2+ 55. Kf2 Qf4+ 56. Ke2 Bc4+ 0-1